Quizzes
Events
Quiz Creation
Community
Videos
Private Events
Remove Ads
Sign In
Join for FREE
Feedback
Dark Mode
Quiz Categories
Sports
Geography
Music
Movies
Television
Just For Fun
Miscellaneous
History
Literature
Language
Science
Gaming
Entertainment
Religion
Holiday
For Kids
Quiz Lab
Recent
Popular Today
Quiz Kudos Today
Editor Picks
Curator Picks
Quizzes by...
Day
Popularity
Type
Ratings
Length
Year
Community
Subscriptions
Recent Discussions
Orange Saloon
Badges
Playlists
Quests
Create
Leaderboards
Showdown
Live 5
Trivia Bingo
Activity
Puzzle Library
Sporcle Events
Private Events
Virtual Trivia
Globe League
Become a Host
Pub Owners
SporcleCon
Opinionation
Our Games
Videos
Blog
Mobile Apps
Partnerships
Remove Ads and Go Orange
Feedback
Sports
Athletes
MLB
NBA
NHL
NFL
Soccer
Sports Teams
WWE
NCAA
Football
Premier League
Basketball
Baseball
Hockey
Golf
Tennis
Cricket
Rugby
Auto Racing
Olympics
World Cup
Sports
Athletes
MLB
NBA
NHL
NFL
Soccer
Sports Teams
WWE
NCAA
Football
Premier League
Basketball
Baseball
Hockey
Golf
Tennis
Cricket
Rugby
Auto Racing
Olympics
World Cup
Random Quiz
Search Sporcle
×
Quiz Lab
Quiz Lab
Sports
World Cup
Type in answers that appear in a list
Type in answers that appear in a list
Classic
Best Score? Go Orange.
FIFA World Cup Ranking Stats
Can you name the best 20 teams of the All-Time FIFA World Cup Ranking?
By
Scorpio
3m
20 Questions
3,990 Plays
3,990 Plays
3,990 Plays
Comments
Comments
Give Quiz Kudos
Give Quiz Kudos
-
- Ratings
hide this ad
More Info
Replay
Link that replays current quiz
Next Quiz
Link to next quiz in quiz playlist
You Got
0%
They Got
Avg Score
77%
Avg Friend Score
Upgrade to see
Score Distribution
Jump to the score distribution portion of the page
Score
0/20
Timer
03:00
0
Plays Today
Rank
National Team
% Correct
1
Brazil
99.2%
2
(West) Germany
97.4%
3
Argentina
96.7%
7
Spain
96.2%
4
Italy
95.6%
5
France
95%
6
England
94.2%
8
Netherlands
86%
15
Portugal
86%
9
Uruguay
85.3%
Rank
National Team
% Correct
12
Soviet Union/Russia
79.1%
13
Mexico
77.8%
11
Sweden
74.4%
19
Croatia
70.6%
10
Belgium
64.6%
16
Poland
59%
20
Czechoslovakia/Czech Republic
56.5%
18
Hungary
56.3%
14
Yugoslavia/Serbia (and Montenegro)
54%
17
Switzerland
53.5%
Quiz Playlist
Details
Report
Send in Message
Add To Playlist
More Info:
Updated after 2022 World Cup
Classic:
Type in answers that appear in a list
Quiz Source
Last Updated: Dec 30, 2022
Quiz Scoreboard
CHALLENGE
Sign Up to Join the Scoreboard
Show All
Scores
Hide
Comments
May contain spoilers
Recently Published
Alphabetical 'K' Countries by Flag Minefield
by ylime102
Geography
3m
Pick 6: Fruits
by JohnFran
Miscellaneous
15s
Click the 1999 NBA Draft
by nibperrychub
Sports
2m
More to Explore
Quiz From the Vault
Featured Blog Post
15 Basketball Trivia Facts You Can Be March Mad About
hide this ad
You Might Also Like...
Tags
World Quiz
World Cup Quiz
cup
FIFA
national
point
team
Today's Top Quizzes in Sports
Browse Sports
hide this ad
Today's Top Quizzes in World Cup
Browse World Cup
Top Contributed Quizzes in Sports
1
Les joueurs à 100 buts en Ligue 1 Uber Eats
2
Pick 6: NFL Teams
3
MLB 2 truths and a lie: Hall of Fame pitchers
4
Criteria MLB: Left Handed Sluggers
5
2022 World Cup Stars
6
Don't Strike Out: 3000 Strikeouts
7
Millionaire: NBA Finals Edition
8
Pick 6: Minor League Baseball
9
Click the 1998 NBA Draft
10
Pick 6: Olympics
Explore More
Trending Topics
Marvel
Anime
Crossword
Disney
Kpop
Harry Potter
NBA
Song
NFL
WWE
Soccer
Country
The Office
Pokémon
Puzzle
hide this ad
More By:
Scorpio
Quiz
Plays
Rating
Category
Featured
Created
Second 'U' Countries
150,575
4.53
Geography
Apr 24, 2010
Best African Olympic Countries
69,310
4.49
Sports
Nov 25, 2009
Premier League Darts
12,645
4.40
Sports
Feb 12, 2010
Historical Events of 1986
11,505
4.64
History
Jul 2, 2011
Largest European 'B' Cities
6,805
4.67
Geography
Jun 12, 2010
Go to Creator's Profile
Score Distribution
Quiz Creator Spotlight
Scorpio
Follow
Send a Message
Quizzes Created
-
Created Quiz Play Count
-
More By This Creator
Popular Quizzes Today
1
Countries of Asia Without Outlines Minefield
2
Find the US States - No Outlines Minefield
3
Pick 6: Fruits
4
Alphabetical 'K' Countries by Flag Minefield
5
The Countries of the World
6
Find the US States
7
US States
8
Match the Book to the Film X
More Sports Quizzes
NCAA Basketball Tournament Champions
Published
Trending Quizzes
Pick 6: Mountains
Pick 6: Harry Potter
Pick 6: NFL Teams
Pick 6: Movie Franchises
Pick 6: Golfers
Recently Updated
NWSL Teams
pecheneg
Women's Final Four Teams by Year
bhenderson79
Presidents Quartet II
eogle
Anything But Clue(do)
eogle
Anything But Oceanian Capitals
eogle
Anything But 7
eogle
Anything But Thing
eogle
Word Ladder: February 29
pecheneg
Song Title Questions
pecheneg
Women's NCAA Tournament #1 Seeds
pecheneg
Trending Topics
Disney
Harry Potter
Crossword
Kpop
Anime
NBA
Marvel
Puzzle
NFL
Country
Soccer
The Office
WWE
Song
Pokémon
Your Account Isn't Verified!
In order to create a playlist on Sporcle, you need to verify the email address you used during registration. Go to your
Sporcle Settings
to finish the process.
Report this User
Report this user for behavior that violates our
Community Guidelines
.
Details:
Send Report
Go to the Sporcle.com Mobile Site →
Comments